Biblioteca

Reformed witness in Korea : (Registro nro. 70474)

Detalles MARC
000 -LÍDER
Campo fijo de descripción fija 01427nab a2200241 i 4500
001 - NÚMERO DE CONTROL
Campo de control 768714001
003 - IDENTIFICADOR DEL NÚMERO DE CONTROL
Campo de control CO-MdFUSB
005 - FECHA Y HORA DE LA ULTIMA TRANSACCIÓN
control field 20240710104331.0
008 - ELEMENTOS DE LONGITUD FIJA -- INFORMACIÓN GENERAL
Campo fijo de descripción fija -- Información general 240710t1986 sz ||||| |||| 00| 0 eng d
040 ## - FUENTE DE CATALOGACIÓN
Idioma de catalogación spa
Agencia que realiza la transcripción CO-MdFUSB
Agencia que realiza la modificación CO-MdFUSB
041 ## - CÓDIGO DE IDIOMA
Código de idioma para texto/pista de sonido o título separado eng
100 ## - ASIENTO PRINCIPAL--NOMBRE PERSONAL
Nombre personal Park, Keun-Won,
Término relacionador autor
245 1# - TÍTULO
Título Reformed witness in Korea :
Subtitulo a historical
Mención de responsabilidad / Keun-Won Park
520 ## - NOTA DE RESUMEN, ETC.
Nota de sumario, etc. Se hace una reflexión histórica sobre la situación de la iglesia coreana con especial referencia a las iglesias reformadas. El evangelismo y la misión de la iglesia se resumen mediante estadísticas. <br/>El testimonio creíble de la iglesia cristiana sobre las necesidades y aspiraciones del pueblo durante el período histórico momentos de crisis y tragedia nacional han sido la base del éxito de la misión cristiana. Esta realidad tiene muchas implicaciones para el testimonio creíble hoy y mañana. Junto con esta brillante historia, se ha señalado algunos elementos negativos en la iglesia.
546 ## - NOTA DE IDIOMA
Nota de idioma Texto en inglés.
630 #0 - PUNTO DE ACCESO ADICIONAL DE MATERIA - TÍTULO UNIFORME
Título uniforme Ecumenismo e humanismo,
650 #0 - ASIENTO SECUNDARIO DE MATERIA - TERMINO TEMÁTICO
Término temático o nombre geográfico como elemento de entrada Reforma de la iglesia
9 (RLIN) 958
650 #0 - ASIENTO SECUNDARIO DE MATERIA - TERMINO TEMÁTICO
Término temático o nombre geográfico como elemento de entrada Evangelización
9 (RLIN) 362
650 #7 - ASIENTO SECUNDARIO DE MATERIA - TERMINO TEMÁTICO
Término temático o nombre geográfico como elemento de entrada Teología pastoral y unidad cristiana
9 (RLIN) 7183
773 0# - ASIENTO DE ITEM FUENTE
Biblionumber 49396
Itemnumber 82823
Lugar, editorial y fecha de publicación Ginebra
Otro identificador del ítem R2675
Título Reformed World
Número de control del registro (CO-MdFUSB)38
Número Internacional Normalizado para Publicaciones Seriadas (ISSN) 0034-3056
Parte(s) relacionada(s) / Volumen., número. (mes año), páginas Volumen 39, (número 4, 1986) páginas: 608 - 616
Enumeración y primera página página: 608
942 ## - TIPO DE MATERIAL (KOHA)
Tipo de Item KOHA Artículos de Revista
945 ## - INFORMACIÓN LOCAL DEL REGISTRO
Catalogador Catherine Arias Álvarez - Practicante SENA

No hay ítems disponibles.

Biblioteca FUSBC | Teléfono: (57+4) 349 88 10 Ext. 141| WhatsApp (+57) 3005338115 
E-mail: biblioteca@unisbc.edu.co | Calle 76 87-14 Robledo Palenque, Medellín, Colombia

Con tecnología Koha